Quizzes
Events
Quiz Creation
Community
Videos
Private Events
Remove Ads
Sign In
Join for FREE
Feedback
Dark Mode
Quiz Categories
Sports
Geography
Music
Movies
Television
Just For Fun
Miscellaneous
History
Literature
Language
Science
Gaming
Entertainment
Religion
Holiday
For Kids
Quiz Lab
Recent
Popular Today
Quiz Kudos Today
Editor Picks
Curator Picks
Quizzes by...
Day
Popularity
Type
Ratings
Length
Year
Community
Subscriptions
Recent Discussions
Orange Saloon
Badges
Playlists
Quests
Create
Leaderboards
Showdown
Live 5
Trivia Bingo
Activity
Puzzle Library
Sporcle Events
Private Events
Virtual Trivia
Globe League
Become a Host
Pub Owners
SporcleCon
Opinionation
Our Games
Videos
Blog
Mobile Apps
Partnerships
Remove Ads and Go Orange
Feedback
Television
TV Characters
TV Show
Sitcom
Network
Friends
Reality Shows
Cast
South Park
Star Trek
The Simpsons
Doctor Who
Television
TV Characters
TV Show
Sitcom
Network
Friends
Reality Shows
Cast
South Park
Star Trek
The Simpsons
Doctor Who
Random Quiz
Search Sporcle
×
Quiz Lab
Quiz Lab
Television
Geller
Type in answers that appear in a list
Type in answers that appear in a list
Classic
Best Score? Go Orange.
100 Things About Monica Geller Stats
Can you name the 100 Things About Monica Geller?
By
candyhearts19
20m
100 Questions
400 Plays
400 Plays
400 Plays
Comments
Comments
Give Quiz Kudos
Give Quiz Kudos
-
- Ratings
hide this ad
Replay
Link that replays current quiz
Next Quiz
Link to next quiz in quiz playlist
You Got
0%
They Got
Avg Score
44%
Avg Friend Score
Upgrade to see
Score Distribution
Jump to the score distribution portion of the page
Score
0/100
Timer
20:00
0
Plays Today
Hint
Answer
% Correct
Husband's name
Chandler Bing
96%
Job
Chef
91%
Brother
Ross
85.3%
Son's name
Jack
82.3%
Mother's name
Judy
82.3%
Father's name
Jack
82.3%
Daughter's name
Erica
77.5%
Nephew's name
Ben
73.3%
Niece's name
Emma
72.3%
Color of her prom dress
Red
71.3%
Color of sweater when the gang play football
Blue
71.3%
Eye color
Blue
71.3%
Actress who plays Monica
Courteney Cox
70.5%
Puts this on her head to cheer Chandler up in TOW the Thanksgiving Flashbacks
Turkey
69%
Her first real love
Richard
68.5%
Got stung by a what
Jellyfish
68.3%
Is hiding in what room when Chandler declares to the others that he loves her
The bathroom
65.8%
Has towels in how many catergories
11
64.8%
Nickname when she was a goalie
Big Fat Goalie
62.8%
Had a crush on who when she first met him
Joey
62.8%
First Friend to find out about her and Chandler's relationship
Joey
62.8%
First person she picks to be on her team in TOW the Football
Joey
62.8%
Yes or no: Was she invited to Rachel's wedding to Barry
No
62.3%
Expensive item she buys in season 8 but has a hard time wearing it because it's uncomfortable
Boots
62%
Hair color in the very first season
Black
61%
Biggest pet peeve
Animals dressed as humans
59.8%
Tips the mailman with this instead of money
Cookies
59.3%
Place she hooked up with Chandler
London
59%
Monica's Halloween costume in TOW the Halloween Party
Catwoman
57%
Name of Joey's girlfriend who Monica threatens to beat up for talking bad about her and Chandler
Janine
56.3%
Is Monica the older or the younger sibling
Younger
56%
Catchphrase
I know!
55.3%
Actor who plays her brother
David Schwimmer
54.3%
Makes a lot of what in season 3 after breaking up with her first real love
Jam
53%
Hint
Answer
% Correct
Name of rich man she dates who wants to become Ultimate Fighting Champion
Pete
52.8%
Things that her new maid has stolen her what with a stain on them
Jeans
52.5%
What she makes for all of the neighbors in season seven
Candy
51.5%
Goes shopping with who in season two that upsets Rachel
Julie
51.3%
Actor who plays her first real love
Tom Selleck
50.3%
Color wig she wears when she works as a waitress on skates
Blonde
50%
Gives Chandler a toy what to play with in the bathtub
Boat
49.8%
Last name of her first real love
Burke
47%
When Chandler gives Monica a mixed tape, she asks if what song is on it
The Way You Look Tonight
46%
Fruit that she and Chandler steal from the First Class Lounge when on their honeymoon
Oranges
45%
Has a crush on this action star
Jean Claude Van Damme
44.5%
Goes out with a high school boy in TOW the Ick Factor. His name
Ethan
44.5%
Cousin who Chandler and Ross are both attracted to
Cassie
43.5%
Yells at which character for wanting to leave her party in TOW Two Parties
Gunther
42.5%
Actor who plays the stripper she and Rachel hire for Phoebe's bachelorette party
Danny DeVito
42.3%
Makes what for dinner when her parents come to visit in TOW the Sonogram at the End
Spaghetti
42%
Halloween costume she picks out for Chandler
Pink bunny
41%
Wants to live in a house of what
Cheese
40.5%
Actress who plays her mother
Christina Pickles
40.3%
Phoebe gives her a haircut that resembles what actor
Dudley Moore
40.3%
Her father gives her a what to make up for all of her childhood possessions getting ruined in a flood
Car
40%
Nana's name
Althea
40%
Has everyone watch what sad movie that Phoebe has never seen the ending of
Old Yeller
39.8%
Place where Monica and Chandler want to go for the weekend in TOW the Cake
Vermont
39.5%
Once got a pencil stuck where
Her ear
39.3%
Wants to go for champagne where to celebrate her engagement
The Plaza
39.3%
What cuts her eye which means she'll have to wear an eyepatch for a while
Ice
39%
Her father's nickname for her
Little Harmonica
38.5%
Gives what movie to Phoebe to watch to make her feel better
It's a Wonderful Life
38.3%
His last name
Becker
38.3%
What's wrong with Monica at her thirtieth birthday party
She's drunk
37%
Actress who plays this cousin
Denise Richards
37%
Jewelry item that once belonged to her nana and then to her mother that she wears in TOW Nana Dies Twice
Earrings
36.5%
Actress who plays the birth mother of her future children
Anna Faris
36.5%
Hint
Answer
% Correct
Is eating what before going to the prom
Sandwich
35.3%
Board game she plays with the gang in TOW the Blackout
Monopoly
35%
Turns down what dessert after overhearing Chandler call her fat
Pie
34.8%
What Monica makes for Chandler the first time she meets him
Macaroni and Cheese
34%
What she says when Chandler tells her she should be a chef
Okay
33.3%
Actor who plays her father
Elliott Gould
33%
Name of her and Ross's dog when they were kids
Chi Chi
33%
What she wants to label Rachel's box of clothes
What were you thinking?
32.5%
Breaks what item of Paul the Wine Guy's
His watch
32.3%
When her nephew is born, she tells him she'll always have what for him
Gum
31.3%
Name of man she dates in TOW the Thumb that all of the Friends love
Alan
28.8%
What she orders when she and Rachel go to the college party in TOW Where the Stripper Cries
Pizza
28.3%
Tries to get who to forgive her in TOW the Baby Shower
Rachel's mother
25.8%
Color of dress she wears at the New Years Eve party in TOW the Monkey
Silver
25.5%
Says that Ross used to stay home Saturday nights and watch what show
Golden Girls
24.8%
The date she gets married
May 15th
23.5%
Gets upset because she's not invited to whose wedding in TOW All the Cheesecakes
Her cousin
23.3%
Makes how many kinds of potatoes in TOW Underdog Gets Away
3
21.8%
Gets upset because Rachel makes fun of her what in TOW on the Last Night
Phone pen
20.3%
Goes where for the weekend with Chandler, but keeps switching rooms
Atlantic City
18.3%
Name of imaginary boyfriend
Jared
16.5%
Says that when they were kids, Ross slept through their trip where
The Grand Canyon
16.5%
Wants to make what for Rachel's birthday dinner in TOW Two Parties
Salmon
14.8%
Tries to sell what item in TOW the List
Mocklate
14.5%
Her first four words in the series
There's nothing to tell
14%
Drink Monica is drinking when she first meets Chandler
Diet Coke
13.8%
Why does she take a cooking class
She got a bad review
12.3%
Name Chandler calls her at the restaurant in TOW Phoebe's Birthday Dinner
Manipulative shrew
12.3%
Reason why she is upset with Chandler in TOW Phoebe's Birthday Dinner
He was smoking
8.8%
Calls Chandler and Joey what names in the first episode
Lenny and Squiggy
8.3%
Episode in season six where she gets sick and tries to act like she's fine
TOW Rachel's Sister
4.8%
Phoebe's wedding present to Monica and Chandler
Ms Packman game
2%
Quiz Playlist
Details
Report
Send in Message
Add To Playlist
Classic:
Type in answers that appear in a list
Last Updated: Feb 16, 2017
Quiz Scoreboard
CHALLENGE
Sign Up to Join the Scoreboard
Show All
Scores
Hide
Comments
May contain spoilers
Recently Published
One Thing in Common: World Cities II
by knightlancer
Geography
7m
Popular People in 1961
by mucciniale
History
6m
1-10 Letter E Words III
by El_Dandy
Language
2m
More to Explore
Quiz From the Vault
Featured Blog Post
Where Did the Easter Bunny Come From?
hide this ad
You Might Also Like...
Tags
100
Geller
monica
Today's Top Quizzes in Television
Browse Television
hide this ad
Today's Top Quizzes in Geller
Browse Geller
Top Contributed Quizzes in Television
1
One Piece Logic Puzzle
2
Survivor Logic Puzzle: Heroes vs. Villains
3
Survivor Seasons
4
Survivor Season by Logo
5
Survivor Trivia
6
Survivor Logic Puzzle: Winners at War
7
Ultimate Survivor Logic Puzzle
8
Phoebe Buffay Quotes
9
Emmerdale Characters (from August 2012)
10
One Thing in Common: Television
Explore More
Trending Topics
Crossword
Disney
Marvel
Anime
Harry Potter
Kpop
NBA
Song
Pokémon
Puzzle
WWE
Soccer
NFL
Country
The Office
hide this ad
More By:
candyhearts19
Quiz
Plays
Rating
Category
Featured
Created
Friends Season 4 Trivia
3,578
5.00
Television
Oct 20, 2017
Friends Season 2 Trivia
2,202
Television
Oct 12, 2017
Friends Season 1 Trivia
1,566
1.00
Television
Oct 11, 2017
Friends Season 6 Trivia
1,042
2.00
Television
Oct 22, 2017
Friends Season 9 Trivia
856
Television
Oct 26, 2017
Go to Creator's Profile
Score Distribution
Quiz Creator Spotlight
candyhearts19
Follow
Send a Message
Quizzes Created
-
Created Quiz Play Count
-
More By This Creator
Popular Quizzes Today
1
Find the US States - No Outlines Minefield
2
The Countries of the World
3
Find the Countries of Europe - No Outlines Minefield
4
Popular People in 1961
5
1-10 Letter E Words III
6
Find the US States
7
One Thing in Common: World Cities II
8
US States
More Television Quizzes
ASOIAF / Game of Thrones House by Phonetic Name
Editor's Pick
Trending Quizzes
Risky Map Clicking: Least Populous States A-Z
1-10 Letter F Words
1-10 Letter G Words
One Thing in Common: United Kingdom
Risky Map Clicking: Next State Alphabetically
Recently Updated
Leaping Animals
pecheneg
Reality TV Shows (A-Z)
bhenderson79
Rickey Henderson's Hall of Fame Teammates
pecheneg
Champions League XIs: Arsenal
pecheneg
Quick Pick: Celebrities in WWE's Hall of Fame
aduchscher
A-Z Keypad Blitz II
pecheneg
Multiple Oscar Actors
pecheneg
Mystery Phrase Blitz: Oscar 'Best Actors'
pecheneg
F. Scott Fitzgerald Novels
LTH
Pick 3 Villains
ddd62291
Trending Topics
Anime
NBA
Crossword
Disney
Marvel
Kpop
Harry Potter
WWE
NFL
Song
Pokémon
The Office
Puzzle
Soccer
Country
Your Account Isn't Verified!
In order to create a playlist on Sporcle, you need to verify the email address you used during registration. Go to your
Sporcle Settings
to finish the process.
Report this User
Report this user for behavior that violates our
Community Guidelines
.
Details:
Send Report
Go to the Sporcle.com Mobile Site →
Comments